000 02575cam a22005294i 4500
003 PE-LiUPU
005 20250731172809.0
008 150617s1979 sp r 000 0 spa d
020 _a8422008904
035 _a(Sirsi) i9788422008903
040 _aPE-LiUPU
_bspa
_cPE-LiUPU
_erda
049 _aPRUA
082 0 4 _a232.9
_bP76
_221
100 1 _aLa Potterie, Ignace de,
_eautor.
245 1 3 _aLa Verdad de Jesús :
_bEstudios de cristología joanea /
_cpor Ignacio de la Potterie ; [traducción del italiano y del francés por Gonzalo Haya].
264 1 _aMdrid :
_bEDICA,
_c1979.
300 _a330 páginas ;
_c20 centímetros.
336 _atext
_2rdacontent
337 _aunmediated
_2rdamedia
338 _avolume
_2rdacarrier
490 1 _aBiblioteca de Autores Cristianos ;
_v405
505 0 _aExégesis -- He aquí el Cordero de Dios -- Jesús y los samaritanos -- El Buen Pastor -- La exaltación del Hijo del hombre -- "Yo soy el camino, la verdad y la vida" -- La pasión según San Juan -- Jesús, Rey y juez según Jn.19,13 -- Las palabras de Jesús "He aquí tu madre" y la acogida del discípulo -- La sed de Jesús al morir y la interpretación joanea de la muerte en cruz -- Paulina y joanea -- El concepto de testimonio en San Juan -- Los dos modos de conocimiento en el cuarto evangelio -- Cristo como figura de revelación según San Juan.
526 _aSEG42
526 _aSEG41
526 _aSEG40
526 _aSEG39
526 _aP94
526 _aP87
526 _aP86
526 _aP85
526 _aP77
526 _aP76
526 _aP35
630 _aBiblia
_pN.T.
_pJuan
_xCrítica e interpretación.
650 0 4 _aCristología.
700 1 _aHaya, Gonzalo,
_etraductor.
910 _ajck
_bjvq
_cjck
_d20150616
942 _2ddc
_cBOOK
949 _a232.4 D36
_wDEWEY
_c2
_i21616
_d2016-6-12
_e2016-6-8
_lCCODEBUL1
_mBUL
_n1
_r0
_sY
_tBOOK
_u2015-6-17
_xTEOLOGIA
_PP35
_0COMPRA
_o.STAFF. Colección Teología
949 _a232.9 P76
_wDEWEY
_c1
_i39118
_lCCODEBUL1
_mBUL
_r0
_sY
_tBOOK
_u2015-4-22
_xTEOLOGIA
_PP35
_0COMPRA
_o.STAFF. Colección Teología
994 _aC0
_bPEPRU
596 _a1
999 _a232.4 D36
_wDEWEY
_c3833
_i21616
_d3833
_e2016-6-8
_f2021-11-10
_g5
_lCCODEBUL1
_mBUL
_n1
_p30.00
_r0
_sY
_tBOOK
_u2015-6-17
_xTEOLOGIA
_PP35
_0COMPRA
_o.STAFF. Colección Teología
999 _a232.9 P76
_wDEWEY
_c1
_i39118
_d2018-11-8
_f2021-11-11
_g5
_lCCODEBUL1
_mBUL
_q1
_r0
_sY
_tBOOK
_u2015-4-22
_xTEOLOGIA
_PP35
_0COMPRA
_o.STAFF. Colección General
980 _81
_gALBERTO SANCHEZ Responsable de Automatización